MMA record of Khabib Nurmagomedov - Statistics

General Stats
  • This quiz has been taken 29 times
  • The average score is 7 of 29
Answer Stats
Event Opponent Result % Correct
UFC 229 Conor McGregor Win
100%
UFC 242 Dustin Poirier Win
92%
UFC 254 Justin Gaethje Win
92%
UFC 223 Al Iaquinta Win
80%
UFC 219 Edson Barboza Win
64%
UFC on Fox: Werdum vs. Browne Rafael dos Anjos Win
56%
UFC 205 Michael Johnson Win
52%
UFC 148 Gleison Tibau Win
44%
UFC 160 Abel Trujillo Win
24%
UFC on Fox: Teixeira vs. Evans Darrell Horcher Win
24%
Atrium Pankration Cup 2008 Magomed Magomedov Win
24%
UFC on FX: Belfort vs. Bisping Thiago Tavares Win
20%
UFC on FX: Guillard vs. Miller Kamal Shalorus Win
12%
UFC 165 Pat Healy Win
12%
Golden Fist of Russia 1 Ali Bagov Win
4%
ProFC 36 Arymarcel Santos Win
4%
Tsumada FC 3 Eldar Eldarov Win
4%
M-1 Selection Ukraine 2010: The Finals Alexander Agafonov Win
0%
ProFC 28: Union Nation Cup 15 Ashot Shaginyan Win
0%
ProFC 29: Union Nation Cup Final Kadzhik Abadzhyan Win
0%
ProFC 30 Khamiz Mamedov Win
0%
Atrium Pankration Cup 2008 Ramazan Kurbanismailov Win
0%
Tsumada FC 3 Said Akhmed Win
0%
ProFC 26: Union Nation Cup 14 Said Khalilov Win
0%
M-1 Challenge: 2009 Selections 9 Shahbulat Shamhalaev Win
0%
Atrium Pankration Cup 2008 Shamil Abdulkerimov Win
0%
ProFC / GM Fight: Ukraine Cup 3 Vadim Sandulskiy Win
0%
M-1 Selection Ukraine 2010: Clash of the Titans Vitaliy Ostroskiy Win
0%
CSFU: Champions League Vusal Bayramov Win
0%
No matching quizzes found
Score Distribution
Percent of People with Each Score
Percentile by Number Answered
Your Score History
You have not taken this quiz